[Event "Moscow op-A 17th"]
[Site "Moscow"]
[Date "2021.02.22"]
[Round "3"]
[White "Zhukenov, Aituar"]
[Black "Gaer, Igor"]
[Result "1-0"]
[WhiteElo "2144"]
[BlackElo "1916"]
[PlyCount "95"]
[EventDate "2021.02.20"]
[EventType "swiss"]
[EventRounds "9"]
[EventCountry "RUS"]
[SourceTitle "CBM 200 Extra"]
[Source "ChessBase"]
[SourceDate "2021.03.31"]
[SourceVersion "1"]
[SourceVersionDate "2021.03.31"]
[SourceQuality "1"]

1. e4 c5 2. Nf3 d6 3. Bb5+ Bd7 4. a4 Nc6 5. 0-0 Nf6 6. Re1 e6 7. c3 Be7 8. d4 a6 9. Bf1 cxd4 10. cxd4 d5 11. e5 Ne4 12. Nc3 Nxc3 13. bxc3 Rc8 14. Nd2 Na5 15. Qg4 0-0 16. Nf3 f5 17. exf6 Bxf6 18. Ba3 Rf7 19. Bd3 Rxc3 20. Bb1 Rc4 21. Re5 Nc6 22. Bxh7+ Kxh7 23. Rh5+ Kg8 24. Qg6 Re7 25. Qh7+ Kf7 26. Ng5+ Bxg5 27. Rxg5 Qg8 28. Qg6+ Kf8 29. Rg3 Nb4 30. a5 Rf7 31. Rb1 Rf6 32. Bxb4+ Rxb4 33. Qxf6+ gxf6 34. Rxg8+ Kxg8 35. Rxb4 Bc6 36. f4 Kf7 37. Kf2 Kg6 38. g4 Kh6 39. Rb3 Kg6 40. Rh3 Kg7 41. g5 fxg5 42. fxg5 Kg6 43. Rh6+ Kxg5 44. Rxe6 Kf5 45. Re5+ Kf4 46. h4 Ba4 47. h5 Bc2 48. h6 1-0

[Event "Moscow op-A 17th"]
[Site "Moscow"]
[Date "2021.02.21"]
[Round "2"]
[White "Faizrakhmanov, Ramil"]
[Black "Zhukenov, Aituar"]
[Result "1-0"]
[WhiteElo "2476"]
[BlackElo "2144"]
[PlyCount "127"]
[EventDate "2021.02.20"]
[EventType "swiss"]
[EventRounds "9"]
[EventCountry "RUS"]
[SourceTitle "CBM 200 Extra"]
[Source "ChessBase"]
[SourceDate "2021.03.31"]
[SourceVersion "1"]
[SourceVersionDate "2021.03.31"]
[SourceQuality "1"]

1. d4 Nf6 2. c4 c5 3. d5 e6 4. Nc3 exd5 5. cxd5 d6 6. Nf3 g6 7. Nd2 Bg7 8. e4 0-0 9. Be2 Re8 10. 0-0 Nbd7 11. Qc2 Ne5 12. Re1 Nfg4 13. Nf1 f5 14. Bf4 Rf8 15. exf5 Bxf5 16. Qd2 a6 17. a4 Qd7 18. Ng3 Rae8 19. h3 Nf6 20. Bf1 Nh5 21. Nxh5 gxh5 22. Bg3 Ng6 23. Rxe8 Rxe8 24. Re1 Rf8 25. h4 Ne5 26. Ne4 Bxe4 27. Rxe4 Qf5 28. Rf4 Qg6 29. Rxf8+ Kxf8 30. Qd1 Qg4 31. Qb3 Qb4 32. Qxb4 cxb4 33. b3 Ke7 34. Be2 Ng4 35. Bd3 Nf6 36. Kf1 h6 37. Bg6 b6 38. Ke2 Nxd5 39. Bxh5 Be5 40. Bxe5 dxe5 41. Bf3 Nf4+ 42. Ke3 Ne6 43. Bd5 Nc5 44. Kf3 Kf6 45. g3 Kf5 46. Be4+ Ke6 47. Bc2 Kf6 48. Ke3 Ne6 49. Ke4 Nd4 50. Bd1 b5 51. a5 Nc6 52. Kd5 Nxa5 53. g4 Nb7 54. Kc6 Nd8+ 55. Kb6 Nf7 56. Kxa6 Nd6 57. Ka5 Ne4 58. f3 Nc3 59. Bc2 Nd5 60. Kxb5 Ne3 61. Be4 Ng2 62. h5 Nf4 63. Kxb4 Ne6 64. Kc4 1-0

[Event "Wch FIDE Online U16 Asia qual"]
[Site "Tornelo INT"]
[Date "2020.12.11"]
[Round "2"]
[White "Zhukenov, Aituar"]
[Black "Amartuvshin, Ganzorig"]
[Result "0-1"]
[WhiteElo "2144"]
[BlackElo "2350"]
[PlyCount "124"]
[EventDate "2020.12.11"]
[EventType "swiss (rapid)"]
[EventRounds "7"]
[EventCountry "ISS"]
[SourceTitle "EXT 2022"]
[Source "ChessBase"]
[SourceDate "2021.10.06"]
[SourceVersion "1"]
[SourceVersionDate "2021.10.06"]
[SourceQuality "1"]

1. e4 c5 2. Nf3 e6 3. g3 Nc6 4. Bg2 Nf6 5. Nc3 e5 6. 0-0 d6 7. d3 h6 8. Nd2 Be7 9. a4 0-0 10. f4 Bg4 11. Bf3 Bh3 12. Bg2 Bxg2 13. Kxg2 d5 14. Nf3 exf4 15. gxf4 d4 16. Ne2 c4 17. Kh1 cxd3 18. cxd3 Rc8 19. Rg1 Kh7 20. Ng3 g6 21. f5 Bd6 22. Qf1 Ng4 23. Ne2 h5 24. Ng5+ Kg7 25. fxg6 fxg6 26. Ne6+ Kg8 27. Nxd8 Rxf1 28. Rxf1 Rxd8 29. Bf4 Nb4 30. Ra3 a5 31. Nxd4 Bxf4 32. Ne6 Bc7 33. Nxc7 Nxd3 34. Nd5 Ndf2+ 35. Kg2 Nxe4 36. Rd3 Kg7 37. Re1 Ngf6 38. Nxf6 Rxd3 39. Nxe4 Rb3 40. Re2 Rb4 41. Nc3 g5 42. Kg3 Kg6 43. Kf3 b6 44. Ke3 g4 45. Kd3 h4 46. Kc2 Kf5 47. Rf2+ Rf4 48. Rxf4+ Kxf4 49. Kd2 Kf3 50. Nd5 g3 51. hxg3 h3 52. Nxb6 h2 53. Nc4 h1Q 54. Nxa5 Kxg3 55. Kc3 Qe1+ 56. Kc4 Qxa5 57. Kb3 Kf4 58. Ka3 Ke4 59. b4 Qd5 60. a5 Qb5 61. Kb3 Kd4 62. Ka3 Kc3 0-1

[Event "Ismagambetov Memorial 1st"]
[Site "Chess.com INT"]
[Date "2020.06.26"]
[Round "7"]
[White "Zhukenov, Aituar"]
[Black "Vovk, Orest"]
[Result "1-0"]
[WhiteElo "2144"]
[BlackElo "2315"]
[PlyCount "61"]
[EventDate "2020.06.26"]
[EventType "swiss (blitz)"]
[EventRounds "11"]
[EventCountry "KAZ"]
[SourceTitle "CBM 197 Extra"]
[Source "ChessBase"]
[SourceDate "2020.09.30"]
[SourceVersion "1"]
[SourceVersionDate "2020.09.30"]
[SourceQuality "1"]

1. e4 Nc6 2. Nf3 d5 3. exd5 Qxd5 4. Nc3 Qa5 5. Bb5 Bd7 6. 0-0 0-0-0 7. d4 a6 8. Be2 Bg4 9. b4 Qh5 10. h3 Bxf3 11. Bxf3 Qg6 12. Be3 Nxb4 13. Rb1 e6 14. a3 Nd5 15. Nxd5 exd5 16. c4 Nf6 17. Qa4 Qf5 18. c5 Qd7 19. Qa5 Qc6 20. Rfc1 Be7 21. a4 g6 22. Be2 Kd7 23. Bf4 Rc8 24. Re1 Rhe8 25. Bb5 axb5 26. axb5 Qe6 27. Rxe6 fxe6 28. c6+ bxc6 29. bxc6+ Kd8 30. Bxc7+ Rxc7 31. Rb8# 1-0